000 00700cam a2200205 a 4500
001 000008441
005 20200929161337.0
008 840830s1962 sp ac 001 f spa
040 _aDO-SdBNP
_cCarP
_dDLC
082 _aPR863.42
_bR621t
100 1 _aRivera Landrón, Francisco,
_d1907-
_922727
245 1 0 _aTierras de Dios :
_bnovela puertorriqueña /
_cFrancisco Rivera Landrón.
260 _aBarcelona :
_bRumbos,
_c1962.
300 _a140 p. :
_bil., retrs. ;
_c21 cm.
590 _aLa biblioteca posee un ejemplar autobiografiado por el autor.
650 4 _aNovela puertorriqueña
_91185
650 4 _aLiteratura puertorriqueña
_9250
910 _aCatalogación por copia / LC
049 _aBNGR
999 _c8212
_d8212